Business Accounting 2 (Record no. 9769)
[ view plain ]
| 000 -LEADER | |
|---|---|
| fixed length control field | 00242nam a2200109Ia 4500 |
| 020 ## - INTERNATIONAL STANDARD BOOK NUMBER | |
| ISBN | 978-81-317-9540-8 |
| 100 ## - MAIN ENTRY--AUTHOR NAME | |
| Personal name | Frank Wood and Alan |
| 245 #0 - TITLE STATEMENT | |
| Title | Business Accounting 2 |
| 260 ## - PUBLICATION, DISTRIBUTION, ETC. (IMPRINT) | |
| Place of publication | Canada |
| Name of publisher | Pearson |
| Year of publication | 2003 |
| 300 ## - PHYSICAL DESCRIPTION | |
| Number of Pages | 951 |
| 942 ## - ADDED ENTRY ELEMENTS (KOHA) | |
| Koha item type | Books |
| Withdrawn status | Lost status | Collection code | Permanent Location | Current Location | Shelving location | Date acquired | Full call number | Accession Number | Koha item type |
|---|---|---|---|---|---|---|---|---|---|
| | | | MAJU | MAJU | | 2019-09-14 | 505.75 | 5715 | Accounting |